[Event "Ä17Ï"]
[Site "Loo"]
[Date "2017.04.22"]
[Round "3.2"]
[White "Äàíèëîâà, Ðàäà."]
[Black "Ìàðòûø, Äàðüÿ."]
[Result "1-0"]
[WhiteElo "1828"]
[BlackElo "1661"]
[PlyCount "61"]
[EventDate "2017.04.20"]

1. d4 Nf6 2. c4 g6 3. g3 Bg7 4. Bg2 d6 5. Nf3 O-O 6. Nc3 Nc6 7. O-O a6 8. e4
Bg4 9. h3 Bxf3 10. Bxf3 e5 11. d5 Nd4 12. Bg2 Nd7 13. Be3 f5 14. Qd2 Qf6 15. f4
exf4 16. gxf4 c5 17. dxc6 bxc6 18. Rad1 c5 19. e5 dxe5 20. Bxa8 Rxa8 21. Nd5
Qh4 22. Kg2 e4 23. b4 Rb8 24. bxc5 Ne6 25. Nb6 Nxb6 26. cxb6 Qf6 27. Qd7 Rd8
28. Qxe6+ Qxe6 29. Rxd8+ Kf7 30. b7 Qxc4 31. b8=Q 1-0

[Event "Ä17Ï"]
[Site "Loo"]
[Date "2017.04.22"]
[Round "3.3"]
[White "Ñàáåòèàí, Ìîäæàâåðè Àëèíà."]
[Black "Áåçâåðõàÿ, Ìàðèíà."]
[Result "1-0"]
[WhiteElo "1563"]
[BlackElo "1758"]
[PlyCount "89"]
[EventDate "2017.04.20"]

1. d4 d5 2. c4 c6 3. cxd5 cxd5 4. Nc3 Nf6 5. h3 e6 6. Bg5 h6 7. Bh4 Be7 8. e3
O-O 9. Nf3 Nc6 10. a3 Bd7 11. Bd3 Qb6 12. O-O Rfc8 13. Qd2 Qd8 14. b4 a6 15.
Rac1 b5 16. Bxf6 Bxf6 17. Rc2 Na7 18. Ne2 Rxc2 19. Qxc2 a5 20. bxa5 Qxa5 21.
Qc3 Nc6 22. Qxa5 Nxa5 23. Ra1 Nc4 24. Bxc4 bxc4 25. e4 Be7 26. exd5 Rxa3 27.
Rxa3 Bxa3 28. Ne5 Bb5 29. Nc3 Ba6 30. dxe6 fxe6 31. Nc6 Bb2 32. Nd1 c3 33. Nb4
Ba3 34. Nc2 Bb2 35. Nde3 Bd3 36. Kh2 Bc1 37. Nb4 Bxe3 38. fxe3 Bb1 39. e4 Bxe4
40. Na2 c2 41. Nc1 Kf7 42. g4 Ke7 43. Kg3 Kd6 44. Kf4 g5+ 45. Kxe4 1-0

[Event "Ä17Ï"]
[Site "Loo"]
[Date "2017.04.22"]
[Round "3.4"]
[White "Çàõàðîâà, Äèàíà."]
[Black "Êîâàë¸âà, Åêàòåðèíà."]
[Result "0-1"]
[WhiteElo "1720"]
[BlackElo "1974"]
[PlyCount "54"]
[EventDate "2017.04.20"]

1. e4 e5 2. Nc3 Nf6 3. f4 d5 4. fxe5 Nxe4 5. Nf3 Bc5 6. d4 Bb4 7. Bd2 c5 8.
Nxe4 dxe4 9. Bxb4 cxb4 10. Bb5+ Nc6 11. d5 exf3 12. dxc6 f2+ 13. Kxf2 Qb6+ 14.
Kg3 Qxb5 15. Re1 Qxc6 16. Qd2 O-O 17. Re3 Bf5 18. Rf1 Qxc2 19. Qxb4 Be6 20. a3
Rad8 21. h3 Rd2 22. Rg1 Bd5 23. Kh4 Rxg2 24. Rxg2 Qxg2 25. Qc3 h6 26. Rg3 g5+
27. Kh5 Qe4 0-1

[Event "Ä17Ï"]
[Site "Loo"]
[Date "2017.04.22"]
[Round "3.5"]
[White "Ñàì÷åíêî, Ñåðàôèìà."]
[Black "Ïåòðîâà, Ìàðèÿ."]
[Result "1-0"]
[WhiteElo "1734"]
[BlackElo "1835"]
[PlyCount "119"]
[EventDate "2017.04.20"]

1. e4 e5 2. Nf3 Nc6 3. Bb5 a6 4. Ba4 Nf6 5. d3 b5 6. Bb3 d6 7. O-O Na5 8. a4
Nxb3 9. cxb3 Bb7 10. Nc3 b4 11. Ne2 a5 12. Ng3 g6 13. Re1 c5 14. Be3 h5 15. Bg5
Be7 16. Qd2 Ng4 17. h3 Bxg5 18. Nxg5 Nh6 19. f4 f6 20. Nf3 Nf7 21. Nh4 exf4 22.
Nf1 g5 23. Nf5 h4 24. Qe2 Bc8 25. Nd2 Kd7 26. d4 Ba6 27. Qg4 Kc6 28. Rac1 Kb6
29. Ng7 Qc8 30. Qf3 Qd7 31. Nf5 Rac8 32. Qf2 Rc7 33. Red1 Qe6 34. Ng7 Qc8 35.
Nc4+ Bxc4 36. Rxc4 Nh6 37. Nh5 Ng8 38. dxc5+ dxc5 39. Rd6+ Kb7 40. Qf3 Rc6 41.
e5 Kb6 42. Rxc6+ Qxc6 43. Qxc6+ Kxc6 44. exf6 Nh6 45. Re4 Nf7 46. Ng7 Rh6 47.
Ne8 Kd5 48. Re7 Ne5 49. f7 Rh8 50. Nf6+ Kd6 51. Rxe5 Rf8 52. Ng4 Rxf7 53. Rxg5
f3 54. Ne5 Re7 55. Nc4+ Kc6 56. gxf3 Re2 57. f4 Kd7 58. Rxc5 Re4 59. f5 Rf4 60.
Rxa5 1-0

[Event "Ä17Ï"]
[Site "Loo"]
[Date "2017.04.22"]
[Round "3.6"]
[White "Áàäìàåâà, Áàèíà."]
[Black "Ïðîòàñîâà, Àíàñòàñèÿ."]
[Result "1-0"]
[WhiteElo "1585"]
[BlackElo "1801"]
[PlyCount "71"]
[EventDate "2017.04.20"]

1. e4 c6 2. d4 d5 3. exd5 cxd5 4. Bd3 Nf6 5. Nf3 Bg4 6. c3 e6 7. h3 Bh5 8. Bf4
Bd6 9. Bxd6 Qxd6 10. O-O O-O 11. Nbd2 Nc6 12. Re1 Rac8 13. Rc1 Rfe8 14. Qa4 Nd7
15. Qc2 Bg6 16. Bxg6 hxg6 17. Qd1 b5 18. Qe2 b4 19. Nb3 a5 20. cxb4 Qxb4 21.
Qa6 Ndb8 22. Qd3 Re7 23. a3 Qb6 24. Rc5 Rec7 25. Rb5 Qa7 26. Qd2 a4 27. Na1 Qa6
28. Qe2 Nd7 29. b3 Na5 30. bxa4 Nc4 31. Rb4 Ndb6 32. Ng5 Nxa4 33. Qg4 Kf8 34.
Qh4 Ke8 35. Qh8+ Ke7 36. Qxg7 {äàëåå çàïèñü íåðàçáîð~~èâà} 1-0

[Event "Ä17Ï"]
[Site "Loo"]
[Date "2017.04.22"]
[Round "3.7"]
[White "Ìàëîçåìîâà, Äàðüÿ."]
[Black "Áó÷èíà, Ïîëèíà."]
[Result "0-1"]
[WhiteElo "1687"]
[BlackElo "1787"]
[PlyCount "70"]
[EventDate "2017.04.20"]

1. d4 d5 2. Bf4 e6 3. Nf3 Nf6 4. e3 Bd6 5. Ne5 Nbd7 6. c3 Be7 7. Bd3 Nxe5 8.
dxe5 Nd7 9. Qg4 g6 10. h3 c5 11. Nd2 h5 12. Qd1 b6 13. Bg3 Bb7 14. Qc2 Rg8 15.
Be2 Qc7 16. f4 O-O-O 17. Qa4 Kb8 18. Ba6 Bxa6 19. Qxa6 c4 20. Qa4 Nc5 21. Qc2
Nd3+ 22. Kf1 g5 23. Nf3 gxf4 24. Bxf4 Rg6 25. a4 Rdg8 26. Rg1 Bc5 27. Nh4 R6g7
28. b4 Nxf4 29. bxc5 Nd3 30. cxb6 Qxe5 31. bxa7+ Kxa7 32. Qd2 Qf6+ 33. Ke2 Qf2+
34. Kd1 Qxg1+ 35. Kc2 Qxa1 0-1

[Event "Ä17Ï"]
[Site "Loo"]
[Date "2017.04.22"]
[Round "3.8"]
[White "Çàêàðÿí, Äèàíà."]
[Black "Êàíàãèíà, Ïîëèíà."]
[Result "1-0"]
[WhiteElo "1755"]
[BlackElo "1597"]
[PlyCount "59"]
[EventDate "2017.04.20"]

1. e4 c5 2. Nf3 d6 3. d4 cxd4 4. Nxd4 Nf6 5. Nc3 g6 6. Be3 Bg7 7. Be2 O-O 8.
Qd2 Nc6 9. f3 a6 10. g4 Nxd4 11. Bxd4 Be6 12. g5 Nh5 13. Bxg7 Nxg7 14. h4 Nh5
15. O-O-O Qa5 16. Kb1 Ng3 17. Rh2 Nxe2 18. Qxe2 Rfc8 19. Nd5 Kf8 20. h5 Kg7 21.
hxg6 fxg6 22. Qf2 Bg8 23. a3 Rc5 24. Nxe7 Rb5 25. Qd4+ Re5 26. f4 Kf7 27. fxe5
Kxe7 28. Qxd6+ Kf7 29. Rf2+ Kg7 30. Qf6# 1-0

[Event "Ä17Ï"]
[Site "Loo"]
[Date "2017.04.22"]
[Round "3.9"]
[White "Åôèìîâà, Òóÿðà."]
[Black "Àâåðèíà, Âåðà."]
[Result "1-0"]
[WhiteElo "1525"]
[BlackElo "1729"]
[PlyCount "81"]
[EventDate "2017.04.20"]

1. d4 d5 2. c4 c6 3. Nc3 Nf6 4. Nf3 e6 5. cxd5 cxd5 6. Bf4 Nc6 7. e3 a6 8. Bd3
Bb4 9. O-O O-O 10. a3 Bd6 11. Bg3 h6 12. Rc1 Re8 13. Qc2 Bxg3 14. fxg3 Ng4 15.
Nd1 Bd7 16. h3 Nf6 17. Ne5 Nxe5 18. dxe5 Rc8 19. Nc3 Ne4 20. Bxe4 dxe4 21. Qxe4
Bc6 22. Qd4 Qxd4 23. exd4 Red8 24. Rcd1 Rd7 25. Rf2 Rcd8 26. Rfd2 f6 27. exf6
gxf6 28. Kf2 e5 29. d5 b6 30. Ne4 Ba4 31. Nxf6+ Kg7 32. Nxd7 Rxd7 33. Re1 Kf6
34. Ke3 Bb5 35. Ke4 h5 36. Re3 Rg7 37. Rf3+ Ke7 38. Kxe5 Bd7 39. Rc2 Rg5+ 40.
Kd4 a5 41. h4 1-0

[Event "Ä17Ï"]
[Site "Loo"]
[Date "2017.04.22"]
[Round "3.10"]
[White "Ãîðåíêîâà, Àííà."]
[Black "Óðâà÷¸âà, Àðèíà."]
[Result "1-0"]
[WhiteElo "1488"]
[BlackElo "1706"]
[PlyCount "85"]
[EventDate "2017.04.20"]

1. d4 Nf6 2. Nf3 e6 3. Bg5 h6 4. Bh4 c5 5. e3 Nc6 6. Nbd2 Qb6 7. Nc4 Qd8 8.
dxc5 Bxc5 9. Nd6+ Bxd6 10. Qxd6 Qa5+ 11. c3 g5 12. Bg3 Ne4 13. Qd1 d5 14. Bd3
Nxg3 15. hxg3 Qd8 16. Bb5 Bd7 17. Bxc6 Bxc6 18. Qd4 f6 19. Qg4 Qe7 20. Nd4 Bd7
21. Qh5+ Qf7 22. f3 Qxh5 23. Rxh5 O-O-O 24. g4 f5 25. gxf5 exf5 26. O-O-O Be8
27. Rh2 Bg6 28. Nb3 h5 29. Nc5 Rhe8 30. Kd2 b6 31. Nb3 Re7 32. Nd4 Kb7 33. g3
Rde8 34. Nc2 a5 35. Kc1 Kc6 36. Rhd2 Rd7 37. e4 Kc5 38. Rxd5+ Rxd5 39. exd5 Rd8
40. Nd4 Rxd5 41. Ne6+ Kc6 42. Rxd5 Kxd5 43. Nxg5 {äàëåå çàïèñü íåðàçáîð~~èâà}
1-0

[Event "Ä17Ï"]
[Site "Loo"]
[Date "2017.04.22"]
[Round "3.11"]
[White "Êóðêîâà, Ñîôüÿ."]
[Black "Ìèíüêî, Îëüãà."]
[Result "1-0"]
[WhiteElo "1656"]
[BlackElo "1597"]
[PlyCount "165"]
[EventDate "2017.04.20"]

1. c4 e6 2. Nc3 d5 3. cxd5 exd5 4. g3 d4 5. Qa4+ c6 6. Nb1 Qd5 7. Nf3 d3 8. Nc3
Qf5 9. Bg2 dxe2 10. Nxe2 Nf6 11. O-O Be7 12. Ned4 Qc5 13. Re1 O-O 14. Re5 Qb4
15. Qd1 Bd6 16. Re2 Qb6 17. b3 Na6 18. Bb2 Nb4 19. d3 Qa6 20. Rd2 Re8 21. Nc2
Nbd5 22. Re2 Rxe2 23. Qxe2 Bf5 24. Bf1 Re8 25. Qd2 Bg4 26. d4 Qb6 27. Ne5 Bf5
28. Re1 Be7 29. Bg2 Nb4 30. Na3 Be6 31. Nac4 Qc7 32. a3 Nbd5 33. b4 Nb6 34. Ne3
Rd8 35. Qc2 h6 36. h3 Nbd5 37. Nf5 Bf8 38. Ne3 Qc8 39. Kh2 Qc7 40. Qe2 Nb6 41.
Rc1 Nbd5 42. b5 c5 43. dxc5 Bxc5 44. Bd4 b6 45. Bxc5 bxc5 46. Nc6 Re8 47. Rxc5
Nxe3 48. fxe3 Qb6 49. Rc1 Bd5 50. Re1 Bxg2 51. Kxg2 a6 52. a4 Nd5 53. e4 axb5
54. axb5 Nc3 55. Qc2 Nxb5 56. Rb1 Qa6 57. Qc5 Na3 58. Re1 Qc4 59. Qxc4 Nxc4 60.
Kf3 Re6 61. Nd4 Nd2+ 62. Kf4 Re8 63. e5 Nc4 64. g4 f6 65. e6 Ne5 66. Kf5 Rd8
67. Nb5 Kf8 68. h4 Ke7 69. g5 hxg5 70. hxg5 g6+ 71. Ke4 Kxe6 72. Nc7+ Kd6 73.
Nb5+ Kc5 74. gxf6 Kxb5 75. Rb1+ Kc6 76. Kxe5 Re8+ 77. Kf4 Kd6 78. Kg5 Rg8 79.
f7 Rf8 80. Kxg6 Ke7 81. Re1+ Kd6 82. Kg7 Rxf7+ 83. Kxf7 1-0

[Event "Ä17Ï"]
[Site "Loo"]
[Date "2017.04.22"]
[Round "3.12"]
[White "Àëåêñàíäðîâà, Åëèçàâåòà."]
[Black "Âàõðóøåâà, Âàëåðèÿ."]
[Result "1-0"]
[WhiteElo "1620"]
[BlackElo "1313"]
[PlyCount "135"]
[EventDate "2017.04.20"]

1. e4 e5 2. Nf3 Nc6 3. Bb5 a6 4. Ba4 d6 5. c3 b5 6. Bc2 f6 7. h3 Bb7 8. O-O
Nge7 9. d4 Ng6 10. Re1 Qd7 11. a4 Be7 12. Bb3 Nd8 13. Nbd2 Ne6 14. Nf1 c5 15.
Ng3 c4 16. Bc2 Bd8 17. Nf5 O-O 18. dxe5 fxe5 19. Qxd6 Qxd6 20. Nxd6 Bc6 21.
axb5 axb5 22. Rxa8 Bxa8 23. Nxb5 Be7 24. b3 Rc8 25. bxc4 Kf8 26. Bd3 Nc5 27.
Bc2 Ne6 28. Na3 Bb7 29. Rd1 Ba6 30. Bb2 Kf7 31. Nb5 Rc6 32. Rd5 Kf6 33. g3 h5
34. Ne1 Rxc4 35. Nd6 Rc6 36. Nf5 Bf8 37. Ng2 Bc4 38. Ra5 Bc5 39. Nge3 Bxe3 40.
Nxe3 Be2 41. Nd5+ Kf7 42. Ba3 Kg8 43. Bb4 Kh7 44. Ra7 Kh6 45. Ne7 Nxe7 46. Rxe7
Bf3 47. Ra7 Rc8 48. Ra1 Rd8 49. Bb3 Ng5 50. Re1 Rd2 51. Bc5 Nxh3+ 52. Kf1 Rb2
53. Bd5 Rc2 54. c4 Rb2 55. Be3+ Kg6 56. Rc1 h4 57. gxh4 Kh5 58. c5 Kxh4 59. c6
Be2+ 60. Kg2 Ba6 61. Be6 Rb8 62. Bxh3 Bc8 63. Bxc8 Rxc8 64. Bb6 Kg5 65. c7 Kf4
66. Rd1 Kxe4 67. Rd8 Rxc7 68. Bxc7 1-0

[Event "Ä17Ï"]
[Site "Loo"]
[Date "2017.04.22"]
[Round "3.14"]
[White "Áàðñêîâà, Ïîëèíà."]
[Black "Áåëÿêîâà, Èëîíà."]
[Result "0-1"]
[WhiteElo "1761"]
[BlackElo "1600"]
[PlyCount "102"]
[EventDate "2017.04.20"]

1. e4 e5 2. Nf3 Nf6 3. Nc3 Bb4 4. d3 d6 5. Be2 O-O 6. O-O h6 7. Be3 c6 8. a3
Ba5 9. b4 Bb6 10. d4 exd4 11. Bxd4 Nbd7 12. Bc4 Bxd4 13. Qxd4 Nb6 14. Bb3 Qc7
15. Rad1 d5 16. exd5 Nfxd5 17. Nxd5 Nxd5 18. Bxd5 cxd5 19. Qxd5 Be6 20. Qe4
Rfe8 21. Rfe1 Re7 22. Rc1 Rae8 23. Qe5 Qc6 24. Qb2 Bd5 25. Rxe7 Rxe7 26. Nd4
Qg6 27. f3 Qg5 28. Kh1 Qd2 29. Qa1 Re5 30. Rd1 Qf2 31. Rf1 Qh4 32. Qc3 Rh5 33.
h3 Qg3 34. Ne2 Qh4 35. Qd4 Qg5 36. Qf4 Qg6 37. Qb8+ Kh7 38. Qxa7 Qxc2 39. Qe3
Rg5 40. Rc1 Qb2 41. Qd3+ g6 42. Rd1 b5 43. Rb1 Qa2 44. Rc1 Bc4 45. Rc2 Qb1+ 46.
Rc1 Qxd3 47. Re1 Qd2 48. Rg1 Bxe2 49. Kh2 Bxf3 50. Kh1 Bxg2+ 51. Kh2 Qf4# 0-1

[Event "Ä17Ï"]
[Site "Loo"]
[Date "2017.04.22"]
[Round "3.15"]
[White "×àãèíà, Óëüÿíà."]
[Black "Ïîëÿíñêàÿ, Åëèçàâåòà."]
[Result "1/2-1/2"]
[WhiteElo "1433"]
[BlackElo "1611"]
[PlyCount "113"]
[EventDate "2017.04.20"]

1. d4 d5 2. c4 e6 3. Nf3 Nf6 4. g3 Be7 5. Bg2 Nbd7 6. O-O O-O 7. Qc2 b6 8. Nfd2
c5 9. dxc5 Nxc5 10. b4 Ncd7 11. e4 Bb7 12. exd5 exd5 13. Nc3 Rc8 14. a3 Ne5 15.
Rd1 Nxc4 16. Nxc4 Rxc4 17. Bb2 Qc7 18. Qe2 Re8 19. Nxd5 Bxd5 20. Bxd5 Nxd5 21.
Rxd5 Rc2 22. Be5 Rxe2 23. Bxc7 Bf6 24. Rad1 h6 25. R5d2 Rxd2 26. Rxd2 Re1+ 27.
Kg2 Ra1 28. Rd3 Bb2 29. Bb8 a6 30. Rd6 Rxa3 31. Rxb6 Ra2 32. Ba7 Kh7 33. Rd6
Bc3 34. Bc5 Ra4 35. Rb6 Ra2 36. h3 f6 37. g4 Be5 38. Rb7 Rc2 39. Ra7 Ra2 40.
Bf8 f5 41. gxf5 Bd4 42. Bc5 Rxf2+ 43. Kg3 Bxc5 44. bxc5 Rxf5 45. c6 a5 46. c7
Rc5 47. Kf4 a4 48. Ke4 a3 49. Kd4 Rc1 50. Rxa3 Rxc7 51. Rg3 h5 52. Kd3 Ra7 53.
Ke4 Ra5 54. Kf4 Kh6 55. Re3 g6 56. h4 Ra4+ 57. Re4 1/2-1/2

[Event "Ä17Ï"]
[Site "Loo"]
[Date "2017.04.22"]
[Round "3.16"]
[White "Ôîíÿê, Ìàðèíà."]
[Black "Øìèäò, Êñåíèÿ."]
[Result "1-0"]
[WhiteElo "1780"]
[BlackElo "1490"]
[PlyCount "93"]
[EventDate "2017.04.20"]

1. e4 c5 2. Nf3 Nc6 3. d4 cxd4 4. Nxd4 Nf6 5. Nc3 d6 6. Bg5 e6 7. Qd2 a6 8.
O-O-O h6 9. Bxf6 Qxf6 10. Nxc6 bxc6 11. f4 Be7 12. Bc4 O-O 13. g4 Qh4 14. Rdg1
d5 15. Bb3 Bb7 16. Rg3 Rfd8 17. Qg2 Bd6 18. e5 Bb4 19. Rf1 Qe7 20. h4 c5 21.
Qh3 Bxc3 22. Rxc3 Bc6 23. a3 Rab8 24. g5 h5 25. g6 fxg6 26. Rg1 Be8 27. Ba4 Bf7
28. Rcg3 Qb7 29. Rb3 Qe7 30. Rbg3 c4 31. c3 Rb6 32. Bd1 Rdb8 33. R3g2 Qb7 34.
Qh2 d4 35. cxd4 Qe4 36. Rc2 Qxd4 37. Re1 c3 38. b4 a5 39. Qf2 Qxf2 40. Rxf2
axb4 41. axb4 Rxb4 42. Bc2 Ra8 43. Kd1 Rd4+ 44. Ke2 Rd2+ 45. Ke3 Rxf2 46. Kxf2
Ra2 47. Re2 {äàëåå çàïèñü íåðàçáîð~~èâà} 1-0

[Event "Ä17Ï"]
[Site "Loo"]
[Date "2017.04.22"]
[Round "3.17"]
[White "Êàíåâñêàÿ, Àíàñòàñèÿ."]
[Black "Ñîëîâüåâà, Ìàðèÿ."]
[Result "1-0"]
[WhiteElo "1353"]
[BlackElo "1477"]
[PlyCount "67"]
[EventDate "2017.04.20"]

1. e4 e5 2. Nf3 Nc6 3. d4 exd4 4. Nxd4 Bc5 5. Be3 Qf6 6. c3 Nge7 7. Be2 d6 8.
O-O Bb6 9. Nb5 Kd8 10. Bxb6 axb6 11. N1a3 Qg6 12. Nc4 Bh3 13. Bf3 h5 14. e5 d5
15. Bxd5 Kc8 16. Bf3 Nf5 17. Kh1 Bg4 18. h3 Nfe7 19. Re1 Qe6 20. b3 Rh6 21. Qd3
Bxh3 22. Bxc6 Bf5 23. Be4 h4 24. Red1 Rh8 25. Bxf5 Qxf5 26. Qxf5+ Nxf5 27. Rd3
Ra6 28. a4 c6 29. Nbd6+ Nxd6 30. Nxd6+ Kc7 31. Nxf7 b5 32. e6 Raa8 33. Rd7+ Kb6
34. e7 1-0

[Event "Ä17Ï"]
[Site "Loo"]
[Date "2017.04.22"]
[Round "3.18"]
[White "×óëî÷íèêîâà, Îëüãà."]
[Black "Îñòàøåâà, Àíàñòàñèÿ."]
[Result "0-1"]
[WhiteElo "1318"]
[BlackElo "1391"]
[PlyCount "82"]
[EventDate "2017.04.20"]

1. e4 c6 2. d3 d5 3. Nd2 e5 4. Ngf3 Bg4 5. Be2 Nd7 6. O-O Qc7 7. Re1 f6 8. c3
O-O-O 9. Qa4 Nb6 10. Qxa7 Kd7 11. Nxe5+ fxe5 12. Bxg4+ Ke8 13. Nc4 dxc4 14. Be3
c5 15. Qa5 Qc6 16. a4 cxd3 17. Red1 Nc4 18. Qb5 Qxb5 19. axb5 Nxe3 20. fxe3 Nf6
21. Bf3 c4 22. Ra4 Rc8 23. g4 Bc5 24. Kf2 Rf8 25. Kg3 Bxe3 26. h4 Ke7 27. g5
Nd7 28. Bg4 Nc5 29. Rxc4 Ra8 30. b4 Ra4 31. Kh3 Rf2 32. Re1 Bf4 33. Bd1 Rh2+
34. Kg4 Rg2+ 35. Kh3 Rg3+ 36. Kh2 Re3+ 37. Kg2 Ra2+ 38. Kf1 Rh3 39. Kg1 Be3+
40. Rxe3 Rxe3 41. Kf1 Nxe4 0-1

[Event "Ä17Â"]
[Site "Loo"]
[Date "2017.04.22"]
[Round "3.1"]
[White "Ãîëüöåâà, Åêàòåðèíà."]
[Black "ßíó÷åíêî, Ïîëèíà."]
[Result "1-0"]
[WhiteElo "2211"]
[BlackElo "2060"]
[PlyCount "59"]
[EventDate "2017.04.20"]

1. d4 d5 2. c4 e6 3. Nf3 c6 4. e3 Nf6 5. b3 b6 6. Bd3 Nbd7 7. O-O Bb7 8. Bb2
Bd6 9. Nbd2 O-O 10. Ne5 c5 11. cxd5 Bxd5 12. Ndc4 Be7 13. Qe2 Rc8 14. Rad1 Rc7
15. f3 cxd4 16. Bxd4 Bc5 17. Bb1 Qe7 18. Qf2 Bxd4 19. Rxd4 b5 20. Nxd7 Nxd7 21.
Qg3 Qc5 22. b4 Qc6 23. Nd6 a6 24. Rfd1 Nf6 25. e4 Bc4 26. e5 Nd5 27. Bxh7+ Kh8
28. Bg6 fxg6 29. Rh4+ Kg8 30. Qh3 1-0

[Event "Ä17Â"]
[Site "Loo"]
[Date "2017.04.22"]
[Round "3.2"]
[White "Çîòîâà, Àíàñòàñèÿ."]
[Black "Ôèëèïïîâà, Äàðüÿ."]
[Result "1-0"]
[WhiteElo "2067"]
[BlackElo "1996"]
[PlyCount "79"]
[EventDate "2017.04.20"]

1. e4 c6 2. d4 d5 3. Nc3 dxe4 4. Nxe4 Nf6 5. Nxf6+ gxf6 6. Be3 Na6 7. Qd2 Nc7
8. O-O-O Bf5 9. Ne2 Qd5 10. Nc3 Qa5 11. Kb1 O-O-O 12. Bd3 Bxd3 13. Qxd3 e6 14.
g4 h5 15. h3 Be7 16. Bd2 Kb8 17. Ne4 Qb6 18. Be3 Qa5 19. Nd2 Qd5 20. c4 Qd7 21.
Qb3 Ka8 22. Ne4 Na6 23. Qa4 Qc7 24. Nc3 Bb4 25. a3 Bxc3 26. bxc3 c5 27. Ka2 Rc8
28. d5 Qe5 29. gxh5 Rhd8 30. dxe6 fxe6 31. h6 Qxc3 32. h7 Rh8 33. Rd7 Nb8 34.
Rg7 Nc6 35. Rb1 Na5 36. Rc1 Qd3 37. Qxa5 Rhd8 38. Qc3 Qe4 39. Qxf6 a6 40. Qg6
1-0

[Event "Ä17Â"]
[Site "Loo"]
[Date "2017.04.22"]
[Round "3.3"]
[White "Íàçàðîâà, Àíàñòàñèÿ."]
[Black "Íîñà÷åâà, Ìàðèÿ."]
[Result "1/2-1/2"]
[WhiteElo "1964"]
[BlackElo "2063"]
[PlyCount "80"]
[EventDate "2017.04.20"]

1. e4 c5 2. Nf3 Nc6 3. d4 cxd4 4. Nxd4 g6 5. c4 Nf6 6. Nc3 d6 7. Be2 Nxd4 8.
Qxd4 Bg7 9. Be3 O-O 10. Qd2 a5 11. Rc1 a4 12. f3 Be6 13. Rc2 Qa5 14. Nd5 Qxd2+
15. Kxd2 Nxd5 16. cxd5 Bd7 17. Rc7 Rfd8 18. Rb1 b5 19. Rb7 Rab8 20. Rxb8 Rxb8
21. a3 b4 22. axb4 Rxb4 23. Kc2 Rb8 24. Bc4 f5 25. Bd2 Rf8 26. Be3 Rb8 27. Bd2
Rf8 28. Be3 fxe4 29. fxe4 Be5 30. h3 Kg7 31. Kd3 h6 32. Kc2 g5 33. Kd3 Kg6 34.
Kc2 Rb8 35. Bd2 Rf8 36. Be3 Rb8 37. Bd2 Rg8 38. Kd3 Rf8 39. Be3 h5 40. b4 axb3
1/2-1/2

[Event "Ä17Â"]
[Site "Loo"]
[Date "2017.04.22"]
[Round "3.4"]
[White "Ãîëîâêèíà, Àíàñòàñèÿ."]
[Black "Âîðîáüåâà, Âàëåðèÿ."]
[Result "0-1"]
[WhiteElo "2061"]
[BlackElo "1898"]
[PlyCount "64"]
[EventDate "2017.04.20"]

1. e4 c5 2. Nf3 Nc6 3. d4 cxd4 4. Nxd4 Nf6 5. Nc3 d6 6. Bg5 e6 7. Qd2 a6 8.
O-O-O h6 9. Be3 Nxd4 10. Bxd4 b5 11. Bxf6 Qxf6 12. f4 Be7 13. Bd3 O-O 14. Kb1
Qd4 15. Ne2 Qc5 16. g4 e5 17. f5 Bb7 18. Ng3 d5 19. Qe2 Rad8 20. Rdf1 f6 21. h4
Rd7 22. Rhg1 Rfd8 23. Rd1 Kf8 24. Rgf1 Qb4 25. exd5 Bxd5 26. g5 fxg5 27. f6
Bxf6 28. hxg5 hxg5 29. Qxe5 Rf7 30. a3 Bxe5 31. axb4 Bxg3 32. Be4 Rxf1 0-1

[Event "Ä17Â"]
[Site "Loo"]
[Date "2017.04.22"]
[Round "3.5"]
[White "Ñåðäèòûõ, Îëåñÿ."]
[Black "Ýðäûíèåâà, Îþíà."]
[Result "1/2-1/2"]
[WhiteElo "1915"]
[BlackElo "2183"]
[PlyCount "77"]
[EventDate "2017.04.20"]

1. d4 d5 2. Nf3 Nf6 3. c4 c6 4. Nc3 dxc4 5. a4 Bf5 6. e3 e6 7. Bxc4 Bb4 8. O-O
Nbd7 9. Qe2 Bg6 10. Rd1 O-O 11. Na2 Bd6 12. Nc3 Qe7 13. e4 e5 14. d5 Nb6 15.
dxc6 Nxc4 16. Qxc4 Rac8 17. Nd5 Nxd5 18. Qxd5 Rxc6 19. Bg5 Qe6 20. Qxe6 fxe6
21. Rxd6 Rxd6 22. Be7 Rb6 23. Bxf8 Kxf8 24. Nxe5 Be8 25. Nd3 Ke7 26. Kf1 Rd6
27. Ke2 Rd4 28. Ke3 Rxa4 29. Rxa4 Bxa4 30. Kd4 Bb5 31. Nc5 b6 32. Nb3 Kd6 33.
f4 a5 34. Nd2 Be2 35. Ke3 Bb5 36. Kd4 Be2 37. Ke3 Bb5 38. Kd4 Be2 39. Ke3
1/2-1/2

[Event "Ä17Â"]
[Site "Loo"]
[Date "2017.04.22"]
[Round "3.6"]
[White "Ãðèãîðüåâà, Þëèÿ."]
[Black "Êîçèíà, Àíàñòàñèÿ."]
[Result "1/2-1/2"]
[WhiteElo "1922"]
[BlackElo "2117"]
[PlyCount "76"]
[EventDate "2017.04.20"]

1. e4 e6 2. d4 d5 3. Nd2 Nf6 4. e5 Nfd7 5. Bd3 c5 6. c3 Nc6 7. Ne2 cxd4 8. cxd4
f6 9. exf6 Nxf6 10. O-O Bd6 11. Nf3 O-O 12. Nc3 e5 13. dxe5 Nxe5 14. Nxe5 Bxe5
15. Bg5 Qd6 16. h3 Be6 17. Re1 Rae8 18. Qd2 a6 19. Rad1 d4 20. Ne4 Nxe4 21.
Bxe4 Bd5 22. f4 Bxe4 23. Rxe4 Bf6 24. Rxe8 Rxe8 25. Bxf6 Qxf6 26. Qxd4 Re1+ 27.
Kh2 Rxd1 28. Qxd1 Qxf4+ 29. Kh1 Qe4 30. Qd7 h6 31. b3 Kh7 32. Qc7 Kg6 33. Kh2
Kh7 34. Kh1 Kg6 35. Kh2 Kh7 36. Kh1 Kg6 37. Kh2 Kh7 38. Kh1 Kg6 1/2-1/2

[Event "Ä17Â"]
[Site "Loo"]
[Date "2017.04.22"]
[Round "3.7"]
[White "Êî÷óêîâà, Àííà."]
[Black "Õàí, Àíàñòàñèÿ."]
[Result "1-0"]
[WhiteElo "2035"]
[BlackElo "1868"]
[PlyCount "69"]
[EventDate "2017.04.20"]

1. e4 c5 2. Nf3 e6 3. d4 cxd4 4. Nxd4 a6 5. Nc3 d6 6. a3 Nf6 7. Bc4 b5 8. Ba2
Bb7 9. Qe2 Be7 10. Bxe6 Nc6 11. Nxc6 Bxc6 12. Bd5 Rc8 13. Bxc6+ Rxc6 14. O-O
O-O 15. Bf4 Re8 16. Rad1 Qc8 17. Rd3 Bf8 18. f3 d5 19. Nxd5 Nxd5 20. Rxd5 Rxc2
21. Rd2 Rc4 22. g4 b4 23. a4 Qc6 24. Qd3 Rc8 25. Qb3 Qf6 26. Be3 h6 27. Kg2 Bd6
28. Rfd1 Be5 29. Rd8+ Rxd8 30. Rxd8+ Qxd8 31. Qxc4 Qh4 32. Qc8+ Kh7 33. Qf5+
Kg8 34. Qxe5 Qe1 35. Bf2 1-0

[Event "Ä17Â"]
[Site "Loo"]
[Date "2017.04.22"]
[Round "3.8"]
[White "Òðîÿíîê, Òàòüÿíà."]
[Black "Ñàêîðåíêî, Àäðèàíà."]
[Result "0-1"]
[WhiteElo "1902"]
[BlackElo "2007"]
[PlyCount "40"]
[EventDate "2017.04.20"]

1. c4 f5 2. d4 Nf6 3. g3 g6 4. Bg2 Bg7 5. Nf3 d6 6. Nc3 O-O 7. O-O Nc6 8. Re1
Ne4 9. Nxe4 fxe4 10. Ng5 Nxd4 11. e3 Nf3+ 12. Nxf3 exf3 13. Bxf3 c6 14. Rb1 Qa5
15. Be4 Qxa2 16. Bd3 Be6 17. Qc2 Qa5 18. Bd2 Qh5 19. e4 Rxf2 20. h4 Qf3 0-1

[Event "Ä17Â"]
[Site "Loo"]
[Date "2017.04.22"]
[Round "3.9"]
[White "Øàôèãóëëèíà, Çàðèíà."]
[Black "Ïèâèíà, Ìàðèÿ."]
[Result "1-0"]
[WhiteElo "1997"]
[BlackElo "1827"]
[PlyCount "91"]
[EventDate "2017.04.20"]

1. e4 c5 2. Nf3 e6 3. g3 Nc6 4. Bg2 g6 5. O-O Bg7 6. c3 Nge7 7. Qe2 d5 8. e5
Nf5 9. d3 O-O 10. Bg5 Qc7 11. g4 Nfe7 12. Bf6 Bd7 13. Qe3 d4 14. Qg5 h6 15. Qh4
g5 16. Bxg5 Ng6 17. Qh5 Ncxe5 18. Bxh6 Bxh6 19. Qxh6 Nxg4 20. Qg5 Qf4 21. cxd4
Qxg5 22. Nxg5 cxd4 23. Ne4 Bc6 24. Nbd2 Nf4 25. Nf3 Rad8 26. h3 Nh6 27. Ne5
Nxg2 28. Nxc6 bxc6 29. Kxg2 f5 30. Ng5 Rde8 31. Rac1 Rb8 32. b3 Rb6 33. Nxe6
Rf6 34. Nxd4 Rg6+ 35. Kh2 Rd6 36. Rc4 c5 37. Nc2 Rxd3 38. Rxc5 f4 39. Rc8+ Kg7
40. Rc7+ Nf7 41. Ne1 Rd1 42. Rg1+ Kf6 43. Nf3 Rd3 44. Rxf7+ Kxf7 45. Ne5+ Kf6
46. Nxd3 1-0

[Event "Ä17Â"]
[Site "Loo"]
[Date "2017.04.22"]
[Round "3.10"]
[White "Ïåòðî÷åíêî, Ìàðèÿ."]
[Black "Ïîëçóíîâà, Àíàñòàñèÿ."]
[Result "1-0"]
[WhiteElo "2141"]
[BlackElo "1814"]
[PlyCount "85"]
[EventDate "2017.04.20"]

1. d4 d5 2. c4 e5 3. dxe5 d4 4. Nf3 Nc6 5. Nbd2 Bg4 6. Qb3 Qc8 7. a3 Nge7 8.
Qd3 Qd7 9. b4 Ng6 10. b5 Bxf3 11. Nxf3 Na5 12. Bd2 b6 13. Bxa5 bxa5 14. Nxd4
Bc5 15. Nc6 Qe6 16. Qd5 Qxd5 17. cxd5 O-O 18. e3 Rfe8 19. Be2 Nxe5 20. Nxa5
Rad8 21. Nb3 Bf8 22. e4 Ng6 23. f3 Nf4 24. Bc4 Nxg2+ 25. Kf2 Nf4 26. Rhd1 Bd6
27. Na5 Bc5+ 28. Kg3 Bd6 29. Nb7 Ng6+ 30. Nxd6 Rxd6 31. Rac1 Re5 32. Bf1 Rd7
33. Bh3 Rde7 34. Bf5 Nf8 35. f4 Rxf5 36. exf5 Re3+ 37. Kf2 Rxa3 38. Rxc7 Ra2+
39. Ke3 Rb2 40. Rb7 Rxh2 41. d6 Rh3+ 42. Ke4 g6 43. f6 1-0

[Event "Ä17Â"]
[Site "Loo"]
[Date "2017.04.22"]
[Round "3.11"]
[White "Çàõàðîâà, Òàòüÿíà."]
[Black "Àêñåíîâà, Ìàðèÿ."]
[Result "0-1"]
[WhiteElo "1811"]
[BlackElo "1923"]
[PlyCount "66"]
[EventDate "2017.04.20"]

1. e4 c5 2. Nf3 Nc6 3. d4 cxd4 4. Nxd4 e5 5. Nb5 d6 6. N1c3 a6 7. Na3 Be6 8.
Be2 Nf6 9. Bg5 Be7 10. Bxf6 Bxf6 11. Nd5 O-O 12. O-O Nd4 13. c4 Rc8 14. Ne3 Bg5
15. Qd3 b5 16. Nd5 bxc4 17. Nxc4 Nxe2+ 18. Qxe2 Bxd5 19. exd5 f5 20. b4 Re8 21.
Na5 Qb6 22. a3 e4 23. Qh5 Bf6 24. Rac1 g6 25. Qe2 Rxc1 26. Rxc1 e3 27. Kf1 Qd4
28. Rd1 Qh4 29. h3 Re4 30. fxe3 f4 31. Nc4 fxe3 32. Na5 Qf4+ 33. Ke1 Bh4+ 0-1